000 00267nam a2200097Ia 4500
082 _aETF LEE
245 0 _aThe Golden Mile adventure
100 _a Heather-Lee Pietermaritzburg, 2009 1st ed
_942760
942 _cBK
008 210817s9999 xx 000 0 und d
999 _c144869
_d144868